Ishadi non Upnishad (Record no. 13896)

MARC details
000 -LEADER
fixed length control field 00370nam a22001577a 4500
003 - CONTROL NUMBER IDENTIFIER
control field OSt
008 - FIXED-LENGTH DATA ELEMENTS--GENERAL INFORMATION
fixed length control field 260325b |||||||| |||| 00| 0 eng d
020 ## - INTERNATIONAL STANDARD BOOK NUMBER
International Standard Book Number 9789364480086
082 ## - DEWEY DECIMAL CLASSIFICATION NUMBER
Classification number 294.59218 SHI
100 ## - MAIN ENTRY--PERSONAL NAME
Personal name SHANKARBHASHARYA
245 ## - TITLE STATEMENT
Title Ishadi non Upnishad
250 ## - EDITION STATEMENT
Edition statement 26th Rep
260 ## - PUBLICATION, DISTRIBUTION, ETC. (IMPRINT)
Place of publication, distribution, etc Gorakhpur
Name of publisher, distributor, etc Geeta Press
Date of publication, distribution, etc 2020
300 ## - PHYSICAL DESCRIPTION
Extent 1360p
942 ## - ADDED ENTRY ELEMENTS (KOHA)
Source of classification or shelving scheme Dewey Decimal Classification
Koha item type Reference Books
Holdings
Withdrawn status Lost status Source of classification or shelving scheme Damaged status Not for loan Collection code Home library Current library Date acquired Source of acquisition Currency Cost, normal purchase price Bill Number Total Checkouts Full call number Acc. no. / Barcode Date last seen Actual Cost, discounted price Bill Date Koha item type
    Dewey Decimal Classification     Book Club and Indian Knowledge System PIET C-LIBRARY PIET C-LIBRARY 16/03/2026 Zafaa Books and Distributors INR 280.00 ZBD0499   294.59218 SHI K184 25/03/2026 280.00 16/03/2026 Reference Books
    Dewey Decimal Classification     IKS- Indian Knowledge System PIET C-LIBRARY PIET C-LIBRARY 23/03/2026 Zaffa Books INR 280.00 ZBD0591   294.59218 SHI 39977 28/03/2026 280.00 23/03/2026 Text Books

Design & Developed by: PIET Central Library
R70 Miles Stone Pattikalyana Samalkha Panipat 132102
mail ID :- [email protected], Phone No:- 0180-2569700 Ex.216